| 000 | 00448cab a2200181 4500 | ||
|---|---|---|---|
| 001 | X1873 | ||
| 008 | 090401t1994 xxu||||| |||| 00| 0 eng d | ||
| 035 | _a(Sirsi) u20080 | ||
| 041 | _aeng | ||
| 245 | 2 | _aA case for commercial conservation | |
| 260 | _c1994 | ||
| 350 | _a0 | ||
| 490 |
_aBuilding Conservation Newsletter _v(9) Summer 1994, 8-9(2) |
||
| 650 | _aLISTED BUILDINGS | ||
| 690 | _aCONSERVATION | ||
| 942 | _n0 | ||
| 948 | _c04/03/1997 | ||
| 999 |
_c13454 _d13454 |
||